| 000 | 00522nam a2200193Ia 4500 | ||
|---|---|---|---|
| 005 | 20250326145211.0 | ||
| 008 | 250326s9999 xx 000 0 und d | ||
| 037 | _aTextbook | ||
| 040 |
_aFMSL _beng _cFMSL |
||
| 041 |
_aeng _2eng |
||
| 084 |
_aB2893 Q1 _qFMSL |
||
| 100 |
_aNahmias S _9746688 |
||
| 245 | 0 |
_aPerishable inventory systems _cNahmias S |
|
| 260 |
_aUSA _bUSA, Springer _c2011 |
||
| 365 | _b6024.8509999999997 | ||
| 650 | _aManagement | ||
| 942 |
_cTB _hB2893 Q1 |
||
| 999 |
_c1306725 _d1306725 |
||